Các mẫu câu tiếng Hàn cơ bản

Các mẫu câu cơ bản dùng trong văn viết, đàm thoại, giao tiếp hàng ngày với nhiều chủ đề và mọi tình huống

Đã lưu trong:
Sonraí Bibleagrafaíochta
Príomhúdar: John. H. Ko
Údair Eile: Lê, Huy Khoa
Formáid: Leabhar
Teanga:Undetermined
Foilsithe: Tp. Hồ Chí Minh Trẻ 2009
Ábhair:
Rochtain Ar Líne:http://lrc.tdmu.edu.vn/opac/search/detail.asp?aID=2&ID=19035
Clibeanna: Cuir Clib Leis
Gan Chlibeanna, Bí ar an gcéad duine leis an taifead seo a chlibeáil!
Thư viện lưu trữ: Trung tâm Học liệu Trường Đại học Thủ Dầu Một
LEADER 00834nam a2200217Ia 4500
001 TDMU_19035
008 210410s9999 xx 000 0 und d
082 |a 495.782 
090 |b J427 
100 |a John. H. Ko 
245 0 |a Các mẫu câu tiếng Hàn cơ bản 
245 0 |c John. H.Ko; Lê Huy Khoa dịch và bổ sung 
260 |a Tp. Hồ Chí Minh 
260 |b Trẻ 
260 |c 2009 
300 |a 180tr. 
520 |a Các mẫu câu cơ bản dùng trong văn viết, đàm thoại, giao tiếp hàng ngày với nhiều chủ đề và mọi tình huống 
650 |a Tiếng Hàn  |x Mẫu câu 
700 |a Lê, Huy Khoa 
856 |u http://lrc.tdmu.edu.vn/opac/search/detail.asp?aID=2&ID=19035 
980 |a Trung tâm Học liệu Trường Đại học Thủ Dầu Một